000 00794cab a2200253 4500
001 WB2827-01
008 090401t1992 xxu||||| |||| 00| 0 eng d
035 _a(Sirsi) u55305
041 _aeng
245 _aBuilding co-operatives
260 _c1992
350 _a0
490 _aGuardian
_v7 July 1992, 15(1)
520 _aWith the BEC predicting another 100,000 redundancies next year in the construction industry if the recession continues, some builders have set up co-operatives as a way of getting work.
650 _aCENTRAL MANCHESTER DEVELOPMENT CORPORATION
650 _aCO-OPERATIVES
650 _aCONSTRUCTION INDUSTRY
650 _aRECESSION
650 _aREDUNDANCIES
650 _aSTATISTICS
690 _aBUILT ENVIRONMENT
942 _n0
948 _c04/03/1997
999 _c33777
_d33777